000 00507cam a2200205ua 4500
001 10898
008 190627n ii |||gr||||Z||||||eng
020 _a9789384466336
040 _cMAIN
041 _aeng
082 _a411
100 _aPabitra Bharali,
_eAuthor.
245 _aEnglish writing skills-I
_cBy Pabitra Bharali
250 _a1st ed.
260 _aGuwahati:
_bShanti prakashan,
_c2019.
300 _a194p.
653 _aWriting systems
700 _aKironmoi Chetia,
_eAuthor.
942 _cBK
999 _c9854
_d9854